Riadenie procesov podniku diplomová práca

Guardado en:
Detalles Bibliográficos
Autor principal: Chválová, Martina
Autor Corporativo: Fakulta podnikového manažmentu EU. Katedra manažmentu výroby a logistiky - zrušená
Otros Autores: Džubáková, Martina
Formato: Libro
Lenguaje:eslovaco
Publicado: Bratislava 2014
Etiquetas: Agregar Etiqueta
Sin Etiquetas, Sea el primero en etiquetar este registro!

MARC

LEADER 00000nbm a2200000 4500
001 0187812
005 20170201091243.5
041 0 |a slo 
044 |a SK 
245 1 0 |a Riadenie procesov podniku  |b diplomová práca  |c Martina Chválová ; školiteľ: Martina Džubáková 
264 1 |a Bratislava  |c 2014 
300 |a 73 s. 
100 1 |a Chválová, Martina 
700 1 |a Džubáková, Martina 
710 2 |a Fakulta podnikového manažmentu EU. Katedra manažmentu výroby a logistiky - zrušená